00579nam a22001817a 4500003000500000005001700005008004100022010001000063011001000073035001000083040000900093082001500102110003700117245014800154260006500302300001000367650002000377CHAP20220329135645.0971013s1964 r 00010 d a40036 a41008 a45134 cCHAP a636.2bE83 aE.U.A. Federal Extension Service aPrograma nacional cooperativo para el mejoramiento del ganado lechero ; manual para los trabajadores de los servicios de extensión agrícola aMéxico, D. F. :bCentro Regional de Ayuda Técnica,c1964 a45 p.14aGanado lechero.